00510nam a2200169Ia 450000500170000000800410001702000150005808200130007310000190008624500430010526000370014830000180018550000180020394200060022195200980022799900150032520250304040751.0240331s9999 xx 000 0 und d a9558309036 bSENa954 aSeneviratne, M 2aA lasting storm :bSri Lanka 1948-2001 aColombobWimal Enterprisesc2000 aiii, 165 p ., aShort Stories cL 001040708LaWERCLbWERCLcSSCd2024-03-31l0o 954.93 SENp4582r2024-03-31w2024-03-31yL c3548d3548